00503nam a2200133 a 450000100080000000500110000800800410001910000180006024501330007826000270021130000100023852001040024865300170035211230362015-02-11 2014 bl uuuu t 00u1 u #d1 aCASACA, J. M. aRELAT??RIO PRELIMINAR DAS ATIVIDADES DO PROJETO PISCENLIT NA REGI??O DE CHAPEC??, SANTA CATARINA, BRASIL.h[electronic resource] aChapec??: Epagric2014 a17 p. aO relat??rio descreve as atividades desenvolvidas pelo projeto Piscenlit na regi??o de Chapec??/SC. aPiscicultura